00000000nam##2200000za#4500
0019.615567
003CaOODSP
00520200401020630
007ta
008150406|2001||||xxc|||||     f|0| 0 eng|d
020 |a0-662-30283-4
040 |aCaOODSP|beng
043 |an-cn---
0861 |aM92-215/2001E
1101 |aCanada.|bNatural Resources Canada. |bEnergy Resources Branch.
24510|aValley Truss & Metal Ltd.: converting on-site wood waste into economic space heating : |bcase study
260 |aOttawa - Ontario : |bNatural Resources Canada. |c2001.
300 |a6p. : |billus. ; |c28 cm.
4901 |aCase study - biomass combustion systems
563 |aSoftcover
590 |a02-17|b2002-04-26
69007|aBiomass|2gcpds
69007|aHeating|2gcpds
69007|aWood|2gcpds
69007|aIndustrial waste|2gcpds
69007|aTransformation|2gcpds
77508|tValley Truss & Metal Ltd.: transformation des déchets de bois en combustible de chauffage économique : |w(CaOODSP)9.625626
7760#|tValley Truss & Metal Ltd., converting on-site wood waste into economic space heating |w(CaOODSP)9.572810
830#0|aCase study - biomass combustion systems.|w(CaOODSP)9.514788